| 000 | 00502nam a2200205Ia 4500 | ||
|---|---|---|---|
| 003 | LK-CoDNM | ||
| 005 | 20240723122622.0 | ||
| 008 | 010623t1926 xxu||||| |||| 00| 1 eng d | ||
| 040 |
_aLK-CoDNM _dLK-CoDNM _eLK-CoDNM |
||
| 041 | _aeng | ||
| 080 |
_a8 _bCC34 |
||
| 100 | _aEllis,Havelock | ||
| 245 | _aThe Dance of Life | ||
| 260 |
_bConstable and Company _aLondon _c1926 |
||
| 300 | _bxiii, 340p. : 19 cm | ||
| 500 | _aHavelock Ellis | ||
| 650 | _aArt | ||
| 650 | _aHavelock Ellis | ||
| 942 | _cBK | ||
| 999 |
_c93338 _d93338 |
||